000
00220 a2200097 4500
001
26643
100
_a
Terman, F.E
245
_a
Electronic and radio engineering
260
_a
_b
McGraw-Hill
_c
1955
090
_c
17936
_d
17936
942
_a
NUST-CAE
_c
M
_c
8820
999
_c
261716
_d
261716